46 Towns, 46 English Counties - Statistics

General Stats
  • This quiz has been taken 655 times
  • The average score is 22 of 46
Answer Stats
Hint Answer % Correct
King's Lynn Norfolk
76%
Glastonbury Somerset
76%
Braintree Essex
69%
St Austell Cornwall
68%
Buxton Derbyshire
66%
Keswick Cumbria
64%
Morecambe Lancashire
64%
Felixstowe Suffolk
63%
Skegness Lincolnshire
62%
Alnwick Northumberland
62%
High Wycombe Buckinghamshire
60%
Bognor Regis West Sussex
59%
Dorking Surrey
58%
Windsor Berkshire
57%
West Bromwich West Midlands
54%
Knutsford Cheshire
52%
Bexhill-on-Sea East Sussex
52%
Ashby-de-la-Zouch Leicestershire
52%
St Helens Merseyside
52%
Oakham Rutland
52%
Sittingbourne Kent
51%
Keighley West Yorkshire
51%
Barnard Castle Co Durham
49%
Cirencester Gloucestershire
48%
Eastleigh Hampshire
48%
Tavistock Devon
47%
Altrincham Greater Manchester
47%
Welwyn Garden City Hertfordshire
47%
March Cambridgeshire
46%
Cannock Staffordshire
46%
Nuneaton Warwickshire
45%
Swanage Dorset
44%
Chipping Norton Oxfordshire
41%
Washington Tyne and Wear
41%
Ventnor Isle of Wight
39%
Kidderminster Worcestershire
39%
Malmesbury Wiltshire
34%
Bridgnorth Shropshire
33%
Orpington Greater London
32%
Ledbury Herefordshire
25%
Masham North Yorkshire
25%
Flitwick Bedfordshire
22%
Towcester Northamptonshire
22%
Pocklington East Riding of Yorkshire
20%
Bingham Nottinghamshire
14%
Thorne South Yorkshire
10%
No matching quizzes found
Score Distribution
Percent of People with Each Score
Percentile by Number Answered
Your Score History
You have not taken this quiz